000 00299nam a2200109Ia 4500
008 240129s9999 xx 000 0 und d
100 _aATRAY, SACHIN
245 0 _aVIVAAH MELAAPAK MEIN MANGAL DOSH KA PRABHAAV
260 _bMEWAR UNIVERSITY, CHITTORGARH
_c2021
650 _aAstrology
942 _cTHE
999 _c218963
_d218963